|
|
|
|
| LEADER |
00000cam a2200000 a 4500 |
| 001 |
vtls008360821 |
| 003 |
SK-MaSNL |
| 005 |
20260301093042.0 |
| 008 |
230403s1960 xo 000 0 slo |
| 015 |
|
|
|a SNBA1960/12-01898
|
| 020 |
|
|
|q (viaz.)
|
| 035 |
|
|
|a SK01SNK19600053038
|
| 035 |
|
|
|a urn:nbn:sk:snk-am3ifko
|
| 035 |
|
|
|a urn:nbn:sk:snk-am00e8ft
|
| 035 |
|
|
|a 5ADA34B8-20C5-4DFD-BE4B-F74BF2F0E651
|
| 035 |
|
|
|a SKM000055501
|
| 040 |
|
|
|a SNK
|b slo
|c SNK
|e AACR2
|
| 041 |
0 |
|
|a slo
|
| 044 |
|
|
|a xo
|c SK
|
| 080 |
|
|
|a 728.1:334.6
|2 1981
|
| 245 |
0 |
0 |
|a Družstevná a podniková výstavba v Žilinskom kraji
|
| 260 |
|
|
|a Žilina
|b Odbor výstavby a vodného hospodárstva rady KNV
|c 1960
|e Martin
|f Tlačiarne SNP
|
| 300 |
|
|
|a [29] s., [8] príl.
|c 8°
|
| 650 |
0 |
7 |
|a družstevné byty
|2 SNKPH
|9 399080
|
| 650 |
0 |
7 |
|a podnikové byty
|2 SNKPH
|9 399079
|
| 650 |
0 |
7 |
|a bytová výstavba
|2 SNKPH
|9 3036
|
| 651 |
|
7 |
|a Žilinský kraj (Slovensko)
|2 SNKPHgeo
|9 161162
|
| 655 |
|
7 |
|a príručky
|2 SNKPH
|9 74364
|
| 852 |
|
|
|a Slovenská národná knižnica
|
| 954 |
|
|
|a odborná, vedecká literatúra pôvodná (slovenská)
|2 lita
|
| 958 |
|
|
|a TL
|
| 958 |
|
|
|a RK
|
| 958 |
|
|
|a BQ
|
| 958 |
|
|
|a OND
|
| 958 |
|
|
|a EUIPO
|
| 999 |
|
|
|c 675868
|d 677798
|
| 952 |
|
|
|a SNK
|b SNK
|y PREZ
|7 0
|p 17A0843266
|o snkSC 14843
|i snkKSP 4447/60
|0 0
|1 0
|4 0
|d 2020-04-22
|f 1
|l 0
|r 2025-07-16 00:00:00
|w 2026-02-23
|
| 952 |
|
|
|t P60, <04>, [BOOK], {604}
|a SNK
|b SNK
|y VYP
|7 0
|p 17A0149386
|o snkSC 14843 D1
|0 0
|1 0
|4 0
|d 1998-07-15
|l 0
|r 2005-01-02 00:00:00
|w 2026-02-23
|